00528nam a2200109Ia 4500008004100000100004200041245011300083260003600196650001300232650012900245856004400374171212s9999 xx 000 0 und d aVedder, Richard K;Gallaway, Lowell E. cVedder, Richard K;Gallaway, Lowell E.aOut of WorkbUnemployment and Government in Twentieth-Century America bNew York University Pressc1997 aBusiness aUnemployment -- United States -- History -- 20th century; Employment (Economic theory); United States -- Economic conditions uhttp://www.jstor.org/stable/j.ctt9qg19k